000 01364nac a22003135a 4500
008 150817t1998 maua frb 001 0 eng d
010 _a 97031064
020 _a0256237387 (acid-free paper)
020 _a0071155775
020 _a9780071155779
040 _aEG-ScBUE
_beng
_cEG-ScBUE
082 0 4 _a658.4012
_bTHO
_222
100 1 _aThompson, Arthur A.,
_94577
245 1 0 _aStrategic management :
_bconcepts and cases /
_cArthur A. Thompson, A.J. Strickland, III.
250 _a10th ed., International ed.
260 _aBoston :
_bIrwin/McGraw-Hill,
_cc.1998.
300 _axxiv, 1049, 14 p. : (dont remember)
_bill. ;
_c26 cm.
500 _aIncludes a collection of "35 cases, 22 of which are freshly-written and 13 of which are ... carryovers from the two previous editions"--Pref.
500 _a"Also includes an enhanced Strat-Tutor software supplement of chapter self-tests and case preparation guides for student use"--Pref.
500 _aLC copy lacks software supplement.
500 _aDistributer: Al-Ahram.
504 _aIncludes bibliographical references and indexes.
590 _aCatalogued By: Mostafa El-Helaly
650 0 _aStrategic planning.
_2BUEsh
650 0 _aStrategic planning
_xCase studies.
_2BUEsh
_94579
651 _2BUEsh
700 1 _aStrickland, A. J.
_q(Alonzo J.)
_94580
942 _cBB
_k658.4012THO
_2ddc
999 _c11495
_d6278